LEADER 01224nam a2200289 a 4500 001 000000127339 003 CaOOAMICUS 005 20120127102910.0 008 120127s2011 it u000 u ita r 020 $a978-88-13-30893-3 040 $aPUL$bita 082 04$a346.45015 100 1 $aDe Filippis, Bruno.$0(OLS)http://pul/name/29237 245 13$aIl diritto di famiglia :$bleggi, prassi e giurisprudenza /$cBruno De Filippis. 260 $aPadova :$bCEDAM,$c2011. 300 $aXXIX, 1527 p. ;$c24 cm 504 $aInclude riferimenti bibliografici ed indice. 650 4$aFamiglia (diritto)$zItalia.$0(OLS)http://pul/subject/7144 650 4$aDiritto privato$zItalia.$0(OLS)http://pul/subject/1235 850 $aPUL 852 $aPUL$W1$xSL Diritto e Scienze Sociali 3$y79$m346. 45015 DEFBR 1$j147303$qDDC 21$B145950$CPULBib$Z2$F145950 $H118258 $82 941 1 $a9 996 $6020$a978-88-13-30893-3$9(OLS)http://pul/number/148679 996 $6082$a346.45015$9(OLS)http://pul/classification/1901 996 $6245$aIl diritto di famiglia :$bleggi, prassi e giurisprudenza$9(OLS)http://pul/title/160893 996 $6260$aPadova :$bCEDAM$9(OLS)http://pul/publisher/48126 LEADER 01495nam a2200349 u 4500 001 000000031244 003 CaOOAMICUS 005 20070226112123.0 008 970930s1977 fr a u000 u fre u 020 $a2204011002 035 $a10771025 040 $aPUL(R)$bita 041 1 $aheb$afre 100 1 $aLemaire, André,$csacerdote,$d1942-$0(OLS)http://pul/name/10433 245 10$aInscriptions hébraïque.$nTome I,$pLes ostraca /$cintroduction, traduction, commentaire par André Lemaire. 246 30$aOstraca 260 $aParis :$bLes Éditions du Cerf,$c1977. 300 $a304 p. :$bill. ;$c20 cm 490 1 $aLittératures anciennes du Proche-Orient ;$v9. 500 $aContiene indici. 504 $aBibliografia in nota. 830 0$aLittératures anciennes du Proche-Orient ;$v9.$0(OLS)http://pul/title/26443 850 $aPUL 852 $aPUL$W1$xSL Religione 1$y3$m7(1) B 30$j43172$nBK-PRI$b $qStampati$B43172$CPULBib$Z2$F43172 $H $81 852 $aPUL$W1$xDP1 Fondo Gelio$y54$m3 C 1(1)$j43173$nBK-PRI$b $qFondi$B43173$CPULBib$Z2$F43173 $HPUL0361 $81 941 1 $a8 941 1 $a1 961 $aINV: 50715 996 $6020$a2204011002$9(OLS)http://pul/number/39194 996 $6245$aInscriptions hébraïque.$nTome I,$pLes ostraca$9(OLS)http://pul/title/42946 996 $6246$aOstraca$9(OLS)http://pul/title/42947 996 $6260$aParis :$bLes Éditions du Cerf$9(OLS)http://pul/publisher/47861